[Event "Asian Nations Cup 2016"]
[Site "Abu Dhabi UAE"]
[Date "2016.04.02"]
[Round "6.4"]
[White "Khusnutdinov, Rustam"]
[Black "Hossain, Enamul"]
[Result "1-0"]
[WhiteTitle "GM"]
[BlackTitle "GM"]
[WhiteElo "2496"]
[BlackElo "2426"]
[WhiteTeam "Kazakhstan"]
[BlackTeam "Bangladesh"]
[WhiteFideId "13701703"]
[BlackFideId "10200649"]
[EventDate "2016.03.28"]
[EventType "team"]

1. e4 c5 2. Nf3 e6 3. d4 cxd4 4. Nxd4 Nc6 5. Nc3 Qc7 6. Be3 a6 7. Qf3 Nf6 8.
O-O-O Ne5 9. Qg3 b5 10. f4 Neg4 11. Bg1 b4 12. Nb1 e5 13. fxe5 Nxe5 14. Nf3 d6
15. Bd4 Nfd7 16. Nbd2 Bb7 17. Bxe5 dxe5 18. Bc4 f6 19. Nd4 Nc5 20. Ne6 Nxe6 21.
Bxe6 Bc5 22. Qg4 Bc6 23. Nb3 Bb6 24. Kb1 Kf8 25. Rhf1 Re8 26. Bd7 Re7 27. Bxc6
Qxc6 28. Rd2 Kf7 29. Qh5+ g6 30. Qd1 Bc7 31. Rdf2 Rd8 32. Qe1 Red7 33. Qxb4 Rd1+
34. Nc1 Rxf1 35. Rxf1 Rd4 36. Qb3+ Kg7 37. Qf3 Rxe4 38. b3 Ba5 39. Nd3 Bc3 40.
g4 a5 41. a4 Qd6 42. Nf2 Re1+ 43. Rxe1 Bxe1 44. Ne4 Qc6 45. Qe3 Bb4 46. g5 fxg5
47. Nxg5 Qd5 48. Ka2 Bd2 49. Qe4 Qxe4 50. Nxe4 Bb4 51. c3 Be7 52. b4 Bd8 53. Kb3
Kf7 54. Kc4 Ke6 55. Kd3 h6 56. b5 g5 57. c4 g4 58. Ng3 Bb6 59. Ke4 Bg1 60. Nf5
Bxh2 61. c5 Bg1 62. c6 Bb6 63. Nxh6 g3 64. Kf3 e4+ 65. Kxg3 Ke5 66. Ng4+ Kf5 67.
Nh6+ Kg6 68. Ng4 Kf5 69. Nh6+ Ke5 70. Ng4+ Kd4 71. Kf4 Kc4 72. Ne3+ Kd3 73. Nd5
e3 74. Nxe3 Kd4 75. Nf5+ Kc4 76. Ne7 Bd8 77. Ke4 1-0

[Event "Asian Nations Cup 2016"]
[Site "Abu Dhabi UAE"]
[Date "2016.04.02"]
[Round "6.1"]
[White "Eid, Fadi"]
[Black "Gundavaa, Bayarsaikhan"]
[Result "1/2-1/2"]
[WhiteTitle "IM"]
[BlackTitle "GM"]
[WhiteElo "2352"]
[BlackElo "2517"]
[WhiteTeam "Lebanon"]
[BlackTeam "Mongolia"]
[WhiteFideId "5300118"]
[BlackFideId "4901045"]
[EventDate "2016.03.28"]
[EventType "team"]

1. e4 c5 2. Nf3 d6 3. d4 cxd4 4. Nxd4 Nf6 5. Nc3 a6 6. Be3 e5 7. Nb3 Be7 8. f3
Be6 9. Qd2 O-O 10. O-O-O Nbd7 11. g4 b5 12. g5 b4 13. Ne2 Ne8 14. f4 a5 15. f5
a4 16. fxe6 axb3 17. exf7+ Rxf7 18. cxb3 Rxa2 19. Ng3 Rxf1 20. Rhxf1 1/2-1/2

[Event "Asian Nations Cup 2016"]
[Site "Abu Dhabi UAE"]
[Date "2016.04.02"]
[Round "6.2"]
[White "Batchuluun, Tsegmed"]
[Black "El Jawich, Amro"]
[Result "1-0"]
[WhiteTitle "GM"]
[BlackTitle "FM"]
[WhiteElo "2460"]
[BlackElo "2241"]
[WhiteTeam "Mongolia"]
[BlackTeam "Lebanon"]
[WhiteFideId "4900847"]
[BlackFideId "5300380"]
[EventDate "2016.03.28"]
[EventType "team"]

1. d4 Nf6 2. c4 g6 3. Nc3 Bg7 4. e4 d6 5. Nf3 O-O 6. Be2 e5 7. O-O Nc6 8. d5 Ne7
9. Ne1 Nd7 10. Be3 f5 11. f3 f4 12. Bf2 g5 13. Nd3 Nf6 14. c5 Ng6 15. Rc1 Rf7
16. Kh1 h5 17. Nb5 g4 18. cxd6 cxd6 19. Qc2 Ne8 20. Nxa7 Bd7 21. Qb3 g3 22. Bg1
Bh3 23. Ne1 Bxg2+ 24. Nxg2 h4 25. Qb6 Nc7 26. Rc3 h3 27. Rfc1 hxg2+ 28. Kxg2
Nh4+ 29. Kf1 Qg5 30. Rxc7 gxh2 31. Bxh2 Qg2+ 32. Ke1 Rxc7 33. Rxc7 Qxh2 34. Qxb7
Qg1+ 35. Kd2 Nxf3+ 36. Bxf3 Qe3+ 37. Kc2 Qf2+ 38. Kb1 Qg1+ 39. Rc1 Qxa7 40. Rc8+
Kh7 41. Qxa8 1-0

[Event "Asian Nations Cup 2016"]
[Site "Abu Dhabi UAE"]
[Date "2016.04.02"]
[Round "6.3"]
[White "Asmar, Elie"]
[Black "Munkhgal, Gombosuren"]
[Result "0-1"]
[BlackTitle "IM"]
[WhiteElo "2051"]
[BlackElo "2419"]
[WhiteTeam "Lebanon"]
[BlackTeam "Mongolia"]
[WhiteFideId "5301432"]
[BlackFideId "4901266"]
[EventDate "2016.03.28"]
[EventType "team"]

1. d4 Nf6 2. c4 e6 3. Nf3 d5 4. Nc3 Nbd7 5. Bg5 c6 6. e3 Qa5 7. Nd2 dxc4 8. Bxf6
Nxf6 9. Bxc4 Bb4 10. Rc1 O-O 11. O-O e5 12. Nb3 Qc7 13. dxe5 Qxe5 14. Qd4 Qe7
15. a3 Bd6 16. Rcd1 Be5 17. Qc5 Qe8 18. Nd2 Bg4 19. f3 b6 20. Qb4 Bf5 21. Qb3 b5
22. Be2 Bxc3 23. Qxc3 Nd5 24. Qc5 Qxe3+ 25. Qxe3 Nxe3 26. Rc1 Nxf1 27. Bxf1 Rac8
28. b4 Be6 29. Ne4 Bd5 30. Nd6 Rb8 31. Rc5 g6 32. Nxb5 cxb5 33. Rxd5 Rfd8 34.
Rxb5 Rxb5 35. Bxb5 Rd1+ 36. Kf2 Ra1 37. a4 Rb1 38. g4 Rxb4 39. h4 h6 40. Ke3 g5
41. hxg5 hxg5 42. Kd3 Kg7 43. Kc3 a5 44. Kd3 Kf6 0-1

[Event "Asian Nations Cup 2016"]
[Site "Abu Dhabi UAE"]
[Date "2016.04.02"]
[Round "6.4"]
[White "Bilguun, Sumiya"]
[Black "Maasarani, Mahmoud"]
[Result "1-0"]
[WhiteTitle "FM"]
[WhiteElo "2363"]
[BlackElo "2052"]
[WhiteTeam "Mongolia"]
[BlackTeam "Lebanon"]
[WhiteFideId "4901541"]
[BlackFideId "5300681"]
[EventDate "2016.03.28"]
[EventType "team"]

1. e4 g6 2. d4 Bg7 3. Nc3 d6 4. Nf3 a6 5. Be3 b5 6. a4 b4 7. Ne2 Nd7 8. Ng3 Bb7
9. Bd3 c5 10. c3 Ngf6 11. O-O bxc3 12. bxc3 O-O 13. h3 Qa5 14. Bd2 c4 15. Bc2
Rab8 16. Qe2 Rfc8 17. Rfb1 Ba8 18. Rxb8 Rxb8 19. Qxc4 Nxe4 20. Nxe4 d5 21. Qe2
dxe4 22. Bxe4 Bxe4 23. Qxe4 e6 24. Qc6 Nf6 25. Bf4 Qb6 26. Qc4 Ra8 27. Qa2 Nd5
28. Bd2 Rb8 29. a5 Qb3 30. c4 Ne7 31. Bf4 Qxa2 32. Rxa2 Rb1+ 33. Kh2 Nc6 34. d5
exd5 35. cxd5 Nb8 36. Rc2 Nd7 37. Rc8+ Nf8 38. d6 Rd1 39. Nd2 Be5 40. Bxe5 Rxd2
41. Bf4 1-0

[Event "Asian Nations Cup 2016"]
[Site "Abu Dhabi UAE"]
[Date "2016.04.02"]
[Round "6.1"]
[White "Weerawardane, Romesh"]
[Black "Mohammed, Zozek Salah Mohammed"]
[Result "0-1"]
[WhiteTitle "IM"]
[BlackTitle "FM"]
[WhiteElo "2084"]
[BlackElo "2256"]
[WhiteTeam "Sri Lanka"]
[BlackTeam "Iraq"]
[WhiteFideId "9900373"]
[BlackFideId "4803361"]
[EventDate "2016.03.28"]
[EventType "team"]

1. e4 c5 2. Nf3 d6 3. d4 cxd4 4. Nxd4 Nf6 5. Nc3 a6 6. h3 e5 7. Nde2 h5 8. g3
Be7 9. Bg2 Be6 10. O-O b5 11. Be3 Nbd7 12. Qd2 Nb6 13. b3 Rc8 14. Rac1 O-O 15.
f4 Qc7 16. f5 Bd7 17. Nd5 Nbxd5 18. exd5 Bd8 19. Bg5 Qa5 20. c3 Nh7 21. Be3 Bb6
22. Bxb6 Qxb6+ 23. Kh1 Nf6 24. Qg5 Rc5 25. Rcd1 Qd8 26. Rd3 Bc8 27. Qh4 Bb7 28.
Rfd1 Re8 29. g4 hxg4 30. hxg4 Nh7 31. Qh2 Ng5 32. Ng3 Qf6 33. Ne4 Nxe4 34. Bxe4
Kf8 35. Rh3 Ke7 36. Qd2 Kd7 37. g5 Qd8 38. Qh2 Qxg5 39. Rg1 Qf6 40. Qd2 Rec8 41.
Rgg3 Rg8 42. Rh7 Rcc8 43. Kg1 Ke7 44. Qg2 Rc5 45. Qf2 Bc8 46. Kf1 Bd7 47. Ke1 a5
48. Kd2 a4 49. b4 Rc4 50. Bd3 Rh4 51. Rgxg7 Rxg7 52. Rxg7 Rf4 53. Qg3 Bxf5 54.
Bxb5 Bg6 55. Rg8 Qf5 56. Bxa4 Rg4 57. Qe3 Rg2+ 58. Kc1 Qb1# 0-1

[Event "Asian Nations Cup 2016"]
[Site "Abu Dhabi UAE"]
[Date "2016.04.02"]
[Round "6.2"]
[White "Ismael, Namir Mohammed Ismael"]
[Black "Priyankara, Chamil"]
[Result "0-1"]
[WhiteTitle "CM"]
[WhiteElo "2169"]
[BlackElo "2016"]
[WhiteTeam "Iraq"]
[BlackTeam "Sri Lanka"]
[WhiteFideId "4800800"]
[BlackFideId "9901566"]
[EventDate "2016.03.28"]
[EventType "team"]

1. d4 Nf6 2. c4 g6 3. Nf3 Bg7 4. g3 O-O 5. Bg2 d6 6. O-O c6 7. b3 a6 8. Bb2 b5
9. Nbd2 bxc4 10. bxc4 Qc7 11. e4 Nbd7 12. Qc2 Rb8 13. Rab1 c5 14. d5 Nb6 15. Bc3
Bg4 16. h3 Bxf3 17. Nxf3 Nbd7 18. Rb3 Rxb3 19. axb3 Rb8 20. Ra1 Qb7 21. Ra3 Ne8
22. Bxg7 Kxg7 23. Nd2 Nc7 24. f4 f6 25. h4 Qb6 26. Bh3 Nf8 27. Qd3 e5 28. Ra1 a5
29. Rf1 Na6 30. fxe5 dxe5 31. g4 h6 32. g5 hxg5 33. hxg5 Nh7 34. gxf6+ Nxf6 35.
Qg3 Qd6 36. Rf5 Rh8 37. Rg5 Nh5 38. Qxe5+ Qxe5 39. Rxe5 Nf4 40. Bf1 Kf6 41. Nf3
Rb8 42. Rg5 Rxb3 43. e5+ Kg7 44. Nd2 Rb2 45. Rg4 Ne2+ 46. Bxe2 Rxd2 47. Kf2 a4
48. Rg3 Nb4 49. Ke1 Rd4 50. Bd1 Nd3+ 51. Kf1 a3 52. Bb3 Nxe5 53. Ke2 Nxc4 54.
Bxc4 Rxc4 55. Rxa3 Rd4 56. Ra7+ Kf6 57. Rd7 Ke5 58. Rg7 Kxd5 59. Rxg6 Kc4 60.
Ra6 Kb3 61. Ra7 c4 62. Ra8 c3 63. Ra7 Kb2 64. Ra6 c2 65. Rb6+ Kc1 66. Rh6 Rd8
67. Rh7 Rb8 68. Kd3 Kb1 0-1

[Event "Asian Nations Cup 2016"]
[Site "Abu Dhabi UAE"]
[Date "2016.04.02"]
[Round "6.3"]
[White "Edirisinghe, Dulan"]
[Black "Salih, Akar Ali Salih"]
[Result "0-1"]
[BlackTitle "FM"]
[WhiteElo "2116"]
[BlackElo "2279"]
[WhiteTeam "Sri Lanka"]
[BlackTeam "Iraq"]
[WhiteFideId "9900446"]
[BlackFideId "4800575"]
[EventDate "2016.03.28"]
[EventType "team"]

1. Nf3 Nf6 2. c4 e6 3. g3 b6 4. Bg2 Bb7 5. O-O c5 6. Nc3 Be7 7. Re1 Ne4 8. Nxe4
Bxe4 9. d4 O-O 10. d5 exd5 11. cxd5 Re8 12. Nd2 Bxg2 13. Kxg2 d6 14. e4 Nd7 15.
f4 Qc7 16. Nf3 Bf6 17. Qc2 b5 18. Bd2 b4 19. Bxb4 Bxb2 20. Rab1 Bf6 21. Bc3 Rab8
22. Nd2 Bxc3 23. Qxc3 f6 24. Kf3 Rxb1 25. Rxb1 Nb6 26. Nc4 Qe7 27. Qc2 f5 28.
Nxb6 fxe4+ 29. Ke3 axb6 30. Qa4 Kf8 31. Rxb6 Qf6 32. Ke2 Qh6 33. h4 Qh5+ 34. Ke1
Qf3 35. Qd7 Qxg3+ 36. Kd1 e3 37. Rb7 e2+ 38. Kc2 e1=N+ 39. Kb2 Re2+ 0-1

[Event "Asian Nations Cup 2016"]
[Site "Abu Dhabi UAE"]
[Date "2016.04.02"]
[Round "6.4"]
[White "Abdulwahhab, Ahmed Abdulsattar A"]
[Black "Subasinghe, K R V R"]
[Result "0-1"]
[WhiteTitle "FM"]
[WhiteElo "2279"]
[BlackElo "1984"]
[WhiteTeam "Iraq"]
[BlackTeam "Sri Lanka"]
[WhiteFideId "4801849"]
[BlackFideId "9909117"]
[EventDate "2016.03.28"]
[EventType "team"]

1. e4 b6 2. d4 Bb7 3. Bd3 e6 4. Nf3 d6 5. O-O Ne7 6. Re1 Nd7 7. c4 Ng6 8. Nc3
Be7 9. Be3 O-O 10. Rc1 c5 11. Qd2 Rc8 12. d5 Nde5 13. Be2 Nxf3+ 14. Bxf3 f5 15.
exf5 exf5 16. Ne2 Ne5 17. Nf4 Rf6 18. Be2 g5 19. Nh5 f4 20. Nxf6+ Bxf6 21. Bxf4
gxf4 22. Qxf4 Kh8 23. Qe4 Rc7 24. Bh5 Re7 25. Qf5 Bg7 26. Re4 Bc8 27. Qg5 h6 28.
Qh4 Bf5 29. Re3 Qf8 30. f4 Ng6 31. Rxe7 Nxh4 32. Re8 Bd4+ 33. Kh1 Qxe8 34. Bxe8
Be4 35. h3 Bxg2+ 36. Kh2 Be3 37. Rc3 Bxf4+ 38. Kg1 Be4 39. Ra3 Nf3+ 40. Kf2 Ne5
41. Rxa7 Nd3+ 42. Ke2 Nxb2 43. Bb5 Bd3+ 44. Kf3 Be5 45. Rb7 Bxc4 46. Bxc4 Nxc4
47. Ke4 Kg8 48. Kf5 Kf8 49. Kg6 Ne3 50. Rxb6 Nxd5 51. Rb7 c4 52. a4 c3 53. Rb1
c2 54. Rc1 Nb4 55. a5 Ke7 56. a6 Bd4 57. Kxh6 Kd7 58. Kg6 Kc7 59. Kf5 Be3 60. a7
Kb7 61. Ra1 Ka8 62. Ke6 d5 63. Ke5 c1=Q 64. Rxc1 Bxc1 65. Kd4 Kxa7 66. Kc5 Bd2
67. h4 Ka6 68. Kd4 0-1

[Event "Asian Nations Cup 2016"]
[Site "Abu Dhabi UAE"]
[Date "2016.04.02"]
[Round "6.1"]
[White "Nguyen, Ngoc Truong Son"]
[Black "Salem, A.R. Saleh"]
[Result "1/2-1/2"]
[WhiteTitle "GM"]
[BlackTitle "GM"]
[WhiteElo "2649"]
[BlackElo "2615"]
[WhiteTeam "Vietnam"]
[BlackTeam "UAE - 1"]
[WhiteFideId "12401110"]
[BlackFideId "9301348"]
[EventDate "2016.03.28"]
[EventType "team"]

1. e4 c5 2. Nf3 d6 3. d4 cxd4 4. Nxd4 Nf6 5. Nc3 a6 6. h3 e6 7. g4 Nfd7 8. Bg2
Be7 9. Be3 O-O 10. O-O Nc6 11. Nce2 Nde5 12. b3 Ng6 13. f4 Nxd4 14. Nxd4 e5 15.
Ne2 exf4 16. Nxf4 Bf6 17. Bd4 Nxf4 18. Rxf4 Be5 19. Bxe5 dxe5 20. Qxd8 Rxd8 21.
Rf3 Be6 22. Bf1 Rd4 23. Rc3 Rad8 24. Re1 g5 25. Kf2 Kg7 26. Rc7 R8d7 27. Rxd7
Bxd7 28. Ke3 Rd6 29. Bg2 Kf8 30. Rh1 Ke7 31. Bf1 Rh6 32. Rg1 Rh4 33. Rg3 h5 34.
Be2 hxg4 35. hxg4 a5 36. Rg1 Rh3+ 37. Bf3 b5 38. a3 b4 39. axb4 axb4 40. Kf2
Rh2+ 41. Rg2 Rh6 42. Kg3 Rd6 43. Kf2 Rf6 44. Kg3 Bc6 45. Rd2 Rf4 46. Re2 Kd6 47.
Re3 Bb7 48. Bg2 Kc5 49. c3 Bc8 50. Bf3 Be6 51. cxb4+ Kxb4 52. Re1 Kxb3 53. Rg1
Kc2 54. Kf2 Rf6 55. Ke3 Rh6 56. Ra1 Bc4 57. Ra5 Re6 58. Rc5 Kb3 59. Rc7 Rd6 60.
Rc5 f6 61. Rc8 Kb4 62. Rc7 Bb5 63. Rc8 Bc6 64. Rc7 Kc5 65. Rf7 Bd7 66. Be2 Bc6
67. Bf3 Bb5 68. Rc7+ Rc6 69. Rd7 Ra6 70. Rd5+ Kb4 71. Rd8 Rc6 72. Rf8 Kc5 73.
Rd8 Rd6 74. Rc8+ Kb6 75. Rb8+ Kc6 76. Rc8+ Kd7 77. Rb8 Bc4 78. Rb7+ Ke6 79. Rc7
Bb5 80. Rb7 Bd7 81. Ra7 Kf7 82. Rb7 Kg6 83. Ra7 Be6 84. Re7 Bd7 85. Be2 Rd4 86.
Bf3 Ba4 87. Rc7 Bd1 88. Bxd1 Rxd1 89. Kf2 Rh1 90. Ra7 Rb1 91. Rc7 Rb8 92. Ra7
Rf8 93. Ke3 Rh8 94. Kf2 Rh4 95. Kg3 Rh1 96. Kf2 Rh4 97. Kg3 Rh1 98. Kf2 f5 1/2-1/2

[Event "Asian Nations Cup 2016"]
[Site "Abu Dhabi UAE"]
[Date "2016.04.02"]
[Round "6.2"]
[White "Omar, Noaman"]
[Black "Nguyen, Huynh Minh Huy"]
[Result "1/2-1/2"]
[WhiteTitle "IM"]
[BlackTitle "GM"]
[WhiteElo "2383"]
[BlackElo "2455"]
[WhiteTeam "UAE - 1"]
[BlackTeam "Vietnam"]
[WhiteFideId "9300244"]
[BlackFideId "12401269"]
[EventDate "2016.03.28"]
[EventType "team"]

1. d4 Nf6 2. c4 e6 3. Nf3 d5 4. Nc3 c6 5. Bg5 Nbd7 6. cxd5 exd5 7. e3 Be7 8. Qc2
O-O 9. Bd3 Re8 10. O-O Nf8 11. Rab1 g6 12. b4 a6 13. a4 Ne6 14. Bh4 Ng7 15. b5
axb5 16. axb5 Nf5 17. Bxf6 Bxf6 18. bxc6 bxc6 19. Na4 Ra7 20. Rfc1 Ne7 21. h3
Bd7 22. Nc5 Qa8 23. Rb3 Rc8 24. Nxd7 Rxd7 25. Rcb1 Ra7 26. Qc5 Kg7 27. Qd6 Ra1
28. g4 Rxb1+ 29. Rxb1 Ng8 30. Kg2 Be7 31. Qe5+ f6 32. Qe6 Rd8 33. g5 fxg5 34.
Bxg6 hxg6 35. Ne5 Rf8 36. Qxg6+ Kh8 37. Qh5+ Kg7 38. Qg6+ Kh8 39. Qh5+ Kg7 40.
Qg6+ Kh8 41. Nf7+ Rxf7 42. Qxf7 Qf8 43. Qxf8 Bxf8 44. Rb7 Ne7 45. Kf3 Kg7 46.
Kg4 Kg6 47. Rc7 Kf6 48. f3 Kg6 49. e4 Kh6 50. Ra7 Kg6 51. Ra6 Bg7 52. e5 Bh6 53.
Rb6 Bg7 54. Ra6 Bh6 55. Rb6 Bg7 56. Ra6 Bh6 57. Rb6 1/2-1/2

[Event "Asian Nations Cup 2016"]
[Site "Abu Dhabi UAE"]
[Date "2016.04.02"]
[Round "6.3"]
[White "Dao, Thien Hai"]
[Black "Saeed, Ishaq"]
[Result "1-0"]
[WhiteTitle "GM"]
[BlackTitle "FM"]
[WhiteElo "2481"]
[BlackElo "2286"]
[WhiteTeam "Vietnam"]
[BlackTeam "UAE - 1"]
[WhiteFideId "12400084"]
[BlackFideId "9301453"]
[EventDate "2016.03.28"]
[EventType "team"]

1. d4 Nf6 2. c4 e6 3. Nc3 Bb4 4. Qc2 b6 5. e4 c5 6. d5 Qe7 7. dxe6 Qxe6 8. f3
Nc6 9. Bd2 Ba6 10. Nh3 Nd4 11. Qd1 Bxc3 12. Bxc3 Nxe4 13. fxe4 Qxe4+ 14. Kf2 O-O
15. Bxd4 cxd4 16. Qd3 d5 17. b3 Rfe8 18. Rd1 Qe3+ 19. Qxe3 dxe3+ 20. Kf3 dxc4
21. Bxc4 Bb7+ 22. Kg3 Re5 23. Rd7 Bc6 24. Rxf7 Kh8 25. Rhf1 h5 26. R1f5 Rae8 27.
Nf4 b5 28. Rxe5 Rxe5 29. Ng6+ Kh7 30. Nxe5 bxc4 31. Nxc6 c3 32. Nd4 1-0

[Event "Asian Nations Cup 2016"]
[Site "Abu Dhabi UAE"]
[Date "2016.04.02"]
[Round "6.4"]
[White "Khouri, Ahmed Abbas"]
[Black "Nguyen, Anh Khoi"]
[Result "0-1"]
[WhiteTitle "FM"]
[BlackTitle "FM"]
[WhiteElo "2062"]
[BlackElo "2412"]
[WhiteTeam "UAE - 1"]
[BlackTeam "Vietnam"]
[WhiteFideId "9301518"]
[BlackFideId "12404675"]
[EventDate "2016.03.28"]
[EventType "team"]

1. e4 c5 2. Nf3 d6 3. d4 cxd4 4. Nxd4 Nf6 5. Nc3 a6 6. h3 e6 7. g4 Be7 8. g5
Nfd7 9. h4 Nc6 10. Be3 Qc7 11. Qd2 b5 12. Nxc6 Qxc6 13. a3 O-O 14. f4 f5 15. Bg2
Bb7 16. O-O fxe4 17. Nxe4 d5 18. Ng3 Rac8 19. c3 Nb6 20. Bd4 Nc4 21. Qe2 Bc5 22.
Rad1 Rc7 23. Bh3 Bc8 24. Kh2 Rcf7 25. Nh5 Qb6 26. Bxg7 Rxg7 27. Nxg7 Kxg7 28.
Qh5 Qc7 29. Qh6+ Kh8 30. g6 Qg7 31. Qxg7+ Kxg7 32. gxh7 Ne3 33. Rg1+ Kxh7 34.
Rd3 Rxf4 35. h5 Rh4 36. Re1 Bd6+ 37. Kg1 Rxh3 0-1

[Event "Asian Nations Cup 2016"]
[Site "Abu Dhabi UAE"]
[Date "2016.04.02"]
[Round "6.1"]
[White "Hamdan, Marshool"]
[Black "Abdyjapar, Asyl"]
[Result "0-1"]
[WhiteTitle "FM"]
[BlackTitle "IM"]
[WhiteElo "2003"]
[BlackElo "2385"]
[WhiteTeam "UAE - 2"]
[BlackTeam "Kyrgyzstan"]
[WhiteFideId "9303804"]
[BlackFideId "13800337"]
[EventDate "2016.03.28"]
[EventType "team"]

1. e4 c5 2. Nc3 Nc6 3. g3 g6 4. Bg2 Bg7 5. d3 e6 6. f4 Nge7 7. Nf3 O-O 8. O-O
Nd4 9. Be3 d6 10. e5 dxe5 11. fxe5 Nec6 12. Ne4 Nxf3+ 13. Bxf3 Nxe5 14. Bg2 f5
15. Bxc5 fxe4 16. Bxf8 Bxf8 17. Bxe4 Qd4+ 18. Kh1 Bd7 19. c3 Qe3 20. Qc2 Rd8 21.
Rae1 Qg5 22. d4 Nc6 23. Rf3 Bg7 24. Qb3 Na5 25. Qd1 Nc4 26. h4 Qb5 27. a4 Qxb2
28. d5 Qb6 29. Qe2 Nd6 30. dxe6 Bxe6 31. Rb1 Qc7 32. Qf2 Nxe4 33. Qxa7 Nxg3+ 34.
Kg1 Ne2+ 35. Kf1 Nxc3 36. Rxb7 Qc4+ 37. Kg2 Rd2+ 38. Kh1 Qxh4+ 39. Kg1 Qe1+ 40.
Rf1 Qg3+ 0-1

[Event "Asian Nations Cup 2016"]
[Site "Abu Dhabi UAE"]
[Date "2016.04.02"]
[Round "6.2"]
[White "Tologontegin, Semetey"]
[Black "Ahmed, Fareed"]
[Result "1-0"]
[WhiteTitle "IM"]
[BlackTitle "FM"]
[WhiteElo "2370"]
[BlackElo "1995"]
[WhiteTeam "Kyrgyzstan"]
[BlackTeam "UAE - 2"]
[WhiteFideId "13800574"]
[BlackFideId "9303677"]
[EventDate "2016.03.28"]
[EventType "team"]

1. b3 Nf6 2. Bb2 g6 3. g3 Bg7 4. Bg2 d5 5. c4 d4 6. Nf3 c5 7. b4 cxb4 8. Qa4+
Bd7 9. Qxb4 Nc6 10. Qa3 e5 11. O-O Bf8 12. Qb3 Bc5 13. e3 O-O 14. Nxe5 Nxe5 15.
exd4 Bxd4 16. Bxd4 Nc6 17. Bb2 Re8 18. Qc3 Re6 19. d4 Ne4 20. Bxe4 Rxe4 21. Nd2
Nxd4 22. Rfe1 1-0

[Event "Asian Nations Cup 2016"]
[Site "Abu Dhabi UAE"]
[Date "2016.04.02"]
[Round "6.3"]
[White "Ammar, Sedrani"]
[Black "Taalaibekov, Tagir"]
[Result "0-1"]
[WhiteTitle "FM"]
[WhiteElo "1701"]
[BlackElo "2150"]
[WhiteTeam "UAE - 2"]
[BlackTeam "Kyrgyzstan"]
[WhiteFideId "9312331"]
[BlackFideId "13801163"]
[EventDate "2016.03.28"]
[EventType "team"]

1. d4 e6 2. Nf3 f5 3. e3 Nf6 4. Bd3 g6 5. Nbd2 Bg7 6. b3 b6 7. Bb2 Bb7 8. c4 d6
9. Qc2 Nc6 10. a3 Qe7 11. e4 O-O-O 12. O-O-O Kb8 13. Rhe1 fxe4 14. Nxe4 Nh5 15.
Kb1 Rde8 16. d5 Ne5 17. Nxe5 dxe5 18. dxe6 Qxe6 19. Be2 Nf4 20. Bf3 Qf5 21. c5
Ne6 22. c6 Bc8 23. Ka2 Nd4 24. Bxd4 exd4 25. Qc4 Qf4 26. h3 h5 27. h4 Rhf8 28.
Rd3 Qxh4 29. g3 Qd8 30. Red1 Rxf3 31. Rxf3 Rxe4 32. Rf7 Bh8 33. Qd3 Qe8 34. Rf3
Re2+ 35. Rd2 Rxd2+ 36. Qxd2 Qxc6 37. Rf8 Be5 38. f4 Bd6 39. Rf6 Bf5 40. Kb2 Qh1 0-1

[Event "Asian Nations Cup 2016"]
[Site "Abu Dhabi UAE"]
[Date "2016.04.02"]
[Round "6.4"]
[White "Kenenbaev, Aidar"]
[Black "Abdulla, Al-Hamed"]
[Result "1-0"]
[WhiteElo "2042"]
[BlackElo "1871"]
[WhiteTeam "Kyrgyzstan"]
[BlackTeam "UAE - 2"]
[WhiteFideId "13801180"]
[BlackFideId "9302328"]
[EventDate "2016.03.28"]
[EventType "team"]

1. Nf3 Nf6 2. g3 g6 3. Bg2 Bg7 4. O-O O-O 5. d3 d5 6. Nbd2 Nbd7 7. e4 dxe4 8.
dxe4 e5 9. Qe2 b6 10. Rd1 Qe7 11. b3 Bb7 12. a4 Rfd8 13. Ba3 c5 14. Bb2 a6 15.
Ne1 Rab8 16. Nd3 Qe6 17. Nc4 Ne8 18. f4 exf4 19. Bxg7 Kxg7 20. Nxf4 Qe7 21. Qf3
Ne5 22. Qc3 f6 23. Rxd8 Rxd8 24. Nxb6 c4 25. b4 a5 26. bxa5 Qc5+ 27. Kh1 Ng4 28.
Ne6+ 1-0

[Event "Asian Nations Cup 2016"]
[Site "Abu Dhabi UAE"]
[Date "2016.04.02"]
[Round "6.1"]
[White "Amer, Said Salim Al Maashani"]
[Black "Snoper, Rafat"]
[Result "0-1"]
[WhiteTitle "FM"]
[WhiteElo "2128"]
[BlackElo "1890"]
[WhiteTeam "Oman"]
[BlackTeam "Palestine"]
[WhiteFideId "22000100"]
[BlackFideId "11502150"]
[EventDate "2016.03.28"]
[EventType "team"]

1. e4 e5 2. Nf3 Nc6 3. d4 exd4 4. Nxd4 Bc5 5. Be3 Qh4 6. Nc3 d6 7. Nd5 Nxd4 8.
Bxd4 Qxe4+ 9. Qe2 Qxe2+ 10. Kxe2 Bxd4 11. Nxc7+ Kd8 12. Nxa8 Bxb2 13. Rb1 Ba3
14. g3 Nf6 15. Bg2 Re8+ 16. Kd2 Ne4+ 17. Bxe4 Rxe4 18. Rhe1 Rxe1 19. Rxe1 Be6
20. f4 Bc5 21. a4 Bd7 22. a5 Bb4+ 23. c3 Bxa5 24. Ra1 b6 25. Re1 g6 26. Nc7 Kxc7
27. Re7 Kc6 28. Rxf7 h5 29. Rg7 Bf5 30. Rxa7 d5 31. Rg7 d4 32. h3 Bxc3+ 33. Kc1
d3 0-1

[Event "Asian Nations Cup 2016"]
[Site "Abu Dhabi UAE"]
[Date "2016.04.02"]
[Round "6.3"]
[White "Salim, Issa Ali Shamas"]
[Black "Tamra, Attallah"]
[Result "1-0"]
[BlackTitle "CM"]
[WhiteElo "2026"]
[BlackElo "2058"]
[WhiteTeam "Oman"]
[BlackTeam "Palestine"]
[WhiteFideId "22000062"]
[BlackFideId "11500255"]
[EventDate "2016.03.28"]
[EventType "team"]

1. d4 Nf6 2. c4 e6 3. Nf3 Bb4+ 4. Nbd2 b6 5. a3 Bxd2+ 6. Bxd2 h6 7. Bf4 Bb7 8.
e3 Nh5 9. Bg3 Nxg3 10. hxg3 d6 11. d5 Qf6 12. Qd2 Nd7 13. Be2 Nc5 14. Rd1 a5 15.
O-O O-O 16. Qc2 a4 17. Rd4 e5 18. Rdd1 Bc8 19. Nd2 Bd7 20. e4 Qg6 21. Bd3 Qh5
22. Rde1 Qg6 23. Nf3 Rab8 24. Nh4 Qg5 25. Re3 b5 26. Rb1 b4 27. Be2 Rb6 28. Nf3
Qe7 29. Ne1 Rfb8 30. axb4 Rxb4 31. Nd3 Rb3 32. Nxc5 Rxe3 33. fxe3 dxc5 34. b3
Qg5 35. Kf2 Rb6 36. bxa4 Bxa4 37. Qa2 Rg6 38. Rb8+ Kh7 39. Qxa4 Qxg3+ 40. Kf1
Qxg2+ 41. Ke1 Qg1+ 42. Kd2 Rg3 43. Rb3 Qf2 44. Qa1 Rg1 45. Qxe5 Rg2 46. Qf5+
Qxf5 47. exf5 h5 48. e4 g5 49. e5 Kg7 50. d6 cxd6 51. exd6 Kf6 52. Rd3 g4 53. d7
Kxf5 54. d8=Q f6 55. Rd5+ Kf4 56. Qd6+ Ke4 57. Qe6+ 1-0

[Event "Asian Nations Cup 2016"]
[Site "Abu Dhabi UAE"]
[Date "2016.04.02"]
[Round "6.4"]
[White "Al-Takrori, Husam"]
[Black "Salim, Mohammed Salim Al Amri"]
[Result "0-1"]
[BlackTitle "CM"]
[WhiteElo "2007"]
[BlackElo "2038"]
[WhiteTeam "Palestine"]
[BlackTeam "Oman"]
[WhiteFideId "11501243"]
[BlackFideId "22000089"]
[EventDate "2016.03.28"]
[EventType "team"]

1. e4 c5 2. Nc3 a6 3. g3 b5 4. Bg2 Bb7 5. d3 e6 6. Nge2 d6 7. O-O Nf6 8. h3 Be7
9. f4 Qc7 10. a4 b4 11. Nb1 Nbd7 12. b3 O-O 13. g4 h6 14. Nd2 Nh7 15. Bb2 f5 16.
Qe1 fxe4 17. Nxe4 d5 18. Nd2 Bd6 19. Ng3 Rae8 20. Nh5 Re7 21. Qh4 Ref7 22. Nxg7
Rxg7 23. Bxg7 Kxg7 24. f5 Ndf6 25. Qe1 Bg3 26. Qe2 e5 27. Rad1 Ng5 28. Nf3 e4
29. Nxg5 hxg5 30. d4 cxd4 31. Rxd4 Qc5 32. Rd1 Be5 33. Qe3 Bxd4 34. Rxd4 Kf7 35.
Qd2 a5 36. Bf1 Rc8 37. Kh1 Qc3 38. Qxc3 Rxc3 39. Rd2 Ke7 40. Bg2 Kd6 41. h4 e3
42. Re2 gxh4 43. g5 Nh5 44. Kh2 Nf4 45. g6 Ke7 46. Re1 Rxc2 47. Rxe3+ Kf6 48. g7
Rxg2+ 49. Kh1 d4 50. g8=Q Rxg8+ 51. Kh2 Rg2+ 52. Kh1 Ne2 53. Re6+ Kf7 54. Rxe2
Rxe2+ 55. Kg1 0-1